Historia del Derecho Internacional : (Record no. 70227)

MARC details
000 -LEADER
fixed length control field 00582cam a2200169 4500
008 - FIXED-LENGTH DATA ELEMENTS--GENERAL INFORMATION
fixed length control field 090225t1985 cu 000 0 spa u
050 04 - LIBRARY OF CONGRESS CALL NUMBER
Classification number KZ3091
Item number .D48 1985
100 1# - MAIN ENTRY--PERSONAL NAME
Personal name DEstéfano Pisani, Miguel A.
245 10 - TITLE STATEMENT
Title Historia del Derecho Internacional :
Remainder of title Desde la Antigüedad hasta 1917 /
Statement of responsibility, etc Miguel Antonio DEstefano Pisani
250 ## - EDITION STATEMENT
Edition statement 1a ed.
260 ## - PUBLICATION, DISTRIBUTION, ETC. (IMPRINT)
Place of publication, distribution, etc La Habana :
Name of publisher, distributor, etc Editorial de Ciencias Sociales,
Date of publication, distribution, etc c1985.
300 ## - PHYSICAL DESCRIPTION
Extent 448 p. ;
Dimensions 23 cm.
440 ## - SERIES STATEMENT/ADDED ENTRY--TITLE
Title Ciencias jurídicas
650 #7 - SUBJECT ADDED ENTRY--TOPICAL TERM
Topical term or geographic name as entry element Leyes internacionales
General subdivision Historia
Source of heading or term Lemb
942 ## - ADDED ENTRY ELEMENTS (KOHA)
Source of classification or shelving scheme Biblioteca del Cogreso de los Estados Unidos
Koha item type Libro
Holdings
Estado de pérdida Fuente de clasificación Estado del daño No para préstamo Ubicación permanente Ubicación actual Apartado o colección Fecha de adquisición Edición Dependencia de educación superior (DES) Área del conocimiento Clasificación Código de Barras Date last seen Número de copia Tipo de recurso
  Biblioteca del Cogreso de los Estados Unidos     Biblioteca del Instituto de Investigaciones Históricas Biblioteca del Instituto de Investigaciones Históricas General 22/10/2018 1a ed. Humanidades Ciencias Sociales y Administrativas KZ3091.D48 1985 IIH000027103 22/10/2018 C:1 Libro